000 00711nam a2200205 i 4500
001 84225
003 ES-MaACL
005 20231228180934.0
007 t|
008 041122s1943 sp ||||1| spa d
080 _a821.134.2-14"19"
100 1 _aIzquierdo Moya, Juliana.
_965738
245 1 0 _aFlorecillas de mi verjel /
_cJuliana Izquierdo Moya ; dibujos de José Ordoñez Valdés ; preliminar por Eduardo del Palacio y Fontán.
260 _aMadrid :
_b[s.n.],
_c1943 (
_fIbarra)
300 _a157 p. :
_bil. ;
_c18 cm.
700 1 _aOrdoñez Valdés, José.
_987205
700 1 _aPalacio, Eduardo L. del,
_d1872-1969
_988364
852 _aES-MaACL
_jB-10098
_bR.21424
999 _c84225
_d84225